Score 0/20 Timer 02:00
0 Plays Today
City Nickname Missing Word % Correct
The Big ____Apple
92.8%
The ____ EasyBig
92.7%
The ____ Gate CityGolden
90.6%
Chocolate ____ of the WorldCapital
87.3%
City of ____ LoveBrotherly
77.6%
The ____ High CityMile
77.2%
The ____ Little City in the WorldBiggest
72.8%
Gateway to the ____West
64.2%
____ Capital of the WorldAlien
56.2%
Live ____ Capital of the WorldMusic
54.4%
City Nickname Missing Word % Correct
City of a ____ MinaretsThousand
45.4%
City of Light(s) or ____Love
43.3%
City of the ____ HillsSeven
40.8%
Pearl of the ____Orient
36.1%
The ____ of the DanubePearl
21.6%
The ____ of the Middle EastParis
19.2%
____ of the AdriaticQueen
8.9%
The Big ____Pineapple
8.2%
The ____ MileSquare
6.1%
City of ____ SpiresDreaming
4.3%

Today's Daily Dose

Missing Word
'T' Pairs

Word Ladder
Game Pieces

Get the Picture
Baseball Movies

Remove Ads.
Support Sporcle.
Get the best of Sporcle when you Go Orange. This ad-free experience offers more features, more stats, and more fun while also helping to support Sporcle. Thank you for becoming a member.

You're not logged in!

Compare scores with friends on all Sporcle quizzes.
OR
Log In

Show Comments

Extras

Top Quizzes Today


Score Distribution

Your Account Isn't Verified!

In order to create a playlist on Sporcle, you need to verify the email address you used during registration. Go to your Sporcle Settings to finish the process.

Report this User

Report this user for behavior that violates our Community Guidelines.

Details: